| 000 | 01131cam a22003138i 4500 | ||
|---|---|---|---|
| 001 | 20429352 | ||
| 003 | EG-ScBUE | ||
| 005 | 20230404104535.0 | ||
| 008 | 180402s2019 enka f b 001 0 eng d | ||
| 020 | _a9780415749183 | ||
| 040 |
_aDLC _beng _erda _cDLC _dDLC _dEG-ScBUE |
||
| 082 | 0 | 4 |
_a770 _222 _bPHO |
| 245 | 0 | 4 |
_aThe photography reader : _bhistory and theory / _cedited by Liz Wells. |
| 250 | _aSecond edition. | ||
| 264 | 1 |
_aLondon ; _aNew York : _bRoutledge, Taylor & Francis Group, _c2019. |
|
| 300 |
_axxiv, 532 pages : _billustrations ; _c26 cm |
||
| 336 |
_atext _btxt _2rdacontent |
||
| 337 |
_aunmediated _bn _2rdamedia |
||
| 338 |
_avolume _bnc _2rdacarrier |
||
| 504 | _aIncludes bibliographical references and index. | ||
| 650 | 7 |
_aPhotographic criticism. _2BUEsh |
|
| 650 | 7 |
_aPhotography _xHistory. _2BUEsh |
|
| 653 |
_bART _cApril2023 |
||
| 655 | _vReading book | ||
| 700 | 1 |
_aWells, Liz, _d1948- _eeditor. |
|
| 906 |
_a7 _bcbc _corignew _d1 _eecip _f20 _gy-gencatlg |
||
| 942 |
_2ddc _cBB |
||
| 999 |
_c30263 _d30234 |
||